| 000 | 02283nam0a2200409 i 4500 | ||
|---|---|---|---|
| 001 | RU\NLR\BIBL_A\010454627 | ||
| 005 | 20260406042234.0 | ||
| 010 |
_a9785446808403 _91000 |
||
| 021 |
_aRU _b2014-45399 _92752 |
||
| 035 | _a(NILC)RuMoRGB-007507477 | ||
| 035 | _a(NLR Aleph) 010454627 | ||
| 090 |
_a9944801 _c9944801 |
||
| 100 | _a20140826d2014 km y0rusy50 ca | ||
| 101 | 0 | _arus | |
| 102 | _aRU | ||
| 105 | _aa j 000yy | ||
| 200 | 1 |
_aОхрана труда и промышленная экология _eучебник для использования в учебном процессе образовательных учреждений, реализующих программы СПО _f[Медведев В. Т., Новиков С.Г., Каралюнец А. В. и др.] |
|
| 205 | _a6-е изд., стер. | ||
| 210 |
_aМосква _cАкадемия _d2014 |
||
| 215 |
_a415, [1] с. _cил., табл. _d22 |
||
| 225 | 1 |
_aПрофессиональное образование _iЭлектротехника |
|
| 300 | _aАвт. указаны на обороте тит. л. | ||
| 320 | _aБиблиогр.: с. 412-413 (38 назв.) | ||
| 606 |
_aОхрана труда _jУчебные издания для среднего профессионального образования _yРоссийская Федерация _92073919 _3RU\NLR\AUTH\661248877 |
||
| 606 |
_aПромышленная экология _jУчебные издания для среднего профессионального образования _yРоссийская Федерация _92190935 _3RU\NLR\AUTH\661317048 |
||
| 675 | _a658.345(075.32) | ||
| 686 | 1 | _aУ24(2)7я723 | |
| 686 | 1 | _aУ28(2)530я723 | |
| 701 | 1 |
_7ca _8rus _aМедведев _bВ. Т. _cд-р техн. наук _gВиктор Тихонович _9112521 _3RU\NLR\AUTH\772511 |
|
| 701 | 1 |
_7ca _8rus _aНовиков _bС. Г. _cспециалист в обл. охраны труда _gСергей Георгиевич _961783 _3RU\NLR\AUTH\7778855 |
|
| 701 | 1 |
_aКаралюнец _bА. В. _gАлександр Викторович |
|
| 801 | 0 |
_aRU _bRuMoRKP _c20101202 _gRCR |
|
| 801 | 2 |
_aRU _bРГБ _c20140617 _grcr |
|
| 942 | _cBOOK | ||
| 980 | _aNBR | ||